Kesan hakisan pantai terhadap nilai harta tanah kediaman yang terletak di pesisir pantai selat melaka

Bibliographic Details
Main Author: Nor Faziha Binti Md Nor (Author)
Format: Book
Language:Malay
Subjects:

MARC

LEADER 00000cam a2200000 7i4500
001 0000030202
005 20241202.0
008 221222 my a may
040 |a INS   |b eng   |c INS   |e rda 
090 0 0 |a Thesis 58   |b 2022 
100 1 |a Nor Faziha Binti Md Nor ,   |e author 
245 1 0 |a Kesan hakisan pantai terhadap nilai harta tanah kediaman yang terletak di pesisir pantai selat melaka   |c Nor Faziha Binti Md Nor 
264 0 |c 2022 
300 |a xvii, 125 pages :   |b illustrations, pictures colour ;   |c 25 cm. 
336 |a text  |2 rdacontent 
337 |a unmediated  |2 rdamedia 
338 |a volume  |2 rdacarrier 
500 |a Laporan kajian ini dikemukakan sebagai mematuhi sebahagian keperluan daripada syarat Penganugerahan Ijazah Sarjana Sains Harta Tanah dari Fakulti Alam Bina dan Ukur, Universiti Teknologi Malaysia 
650 0 |a Housing   |x Prices   |z Malaysia 
650 0 |a Real property   |z Malaysia 
650 0 |a Residential real estate   |x Valuation   |z Malaysia 
999 |a THE0000081   |b BOOK   |c Thesis   |e Default branch